000 01436nas a2200289 i 4500
001 255121
003 AGN
005 20260203143116.0
007 ta
008 260203e1955 dr |||p|r||||||0| |0spa d
040 _cAGN
_aDO-SdBNP
_bspa
_erda
041 _aspa
100 1 _aRodríguez Demorizi, Emilio,
_d1908-1986
_91039
_edirector
245 _aRevista dominicana de cultura /
_cEmilio Rodríguez Demorizi, director.
264 _aCiudad Trujillo, República Dominicana :
_bEmilio Rodríguez Demorizi,
_c1955.
300 _avolumen ;
_c23 cm.
336 _atexto
_btxt
_2rdacontent
337 _asin mediación
_bn
_2rdamedia
338 _avolumen
_bnc
_2rdacarrier
362 _aVol 1. No 1. noviembre 1955.
500 _aCatalogación basada en la numeración: Vol 1. No 1. noviembre 1955.
520 _aLa vida intelectual de un pueblo es la más pura prueba de su carácter y del grado de civilización alcanzado. Es en la obra de los escritores y poetas, en la de los artistas, connaturalizados con el tiempo que les ha tocado vivir, donde más patentemente se refleja la fuerza espiritual, fuerza de perennidad que traspasa las fronteras y vence al tiempo...
650 _92834
_aLiteratura
_vPublicaciones periódicas
_zRepública Dominicana
650 7 _aCultura
_9351
_vPublicaciones periódicas
_zRepública Dominicana
650 0 _aArte
_928401
_vPublicaciones periódicas
_zRepública Dominicana
942 _cISSUE
_2ddc
999 _c60198
_d60198